00890nam a2200241Ia 4500003000400000005001700004008004000021020001800061040000700079041000800086082001700094100003300111245006300144260003700207300001400244650001700258690002400275906001100299942001200310999001900322952016400341952014300505OSt20230211120330.0210210b2017 xxu||||| |||| 00| 0 eng d a9788131601297 cAL aeng a361.614 SHAH aSHABBIR (Mohammad) Ed972014 aHuman rights in the twenty first century: challenges ahead aJaipurbRawat Publicationsc2017 axxvii,418 a21 st972016 aHuman Rights972015 a074210 2ddccBK c124009d124009 00102ddc40708PSaALbALd2021-02-17eBiblios Book Point, Surathkal-575014g995.00l2o361.614 SHAHp074210r2025-03-07 00:00:00s2024-12-09w2021-02-17yBK 00102ddc40708PSaALbALd2021-02-17eKnowledge Worldg850.00l1o341.481 SHAHp063250r2024-04-08 00:00:00s2024-01-24w2021-02-17yBK